MARC

LEADER 00000nam0a2200000 4500
001 8252
005 20231101204603.0
010 |a 5702704789 
010 |a 5-264-00574-5 
035 |a (RuTPU)RU\TPU\book\8298 
035 |a BOOK00008357 
090 |a 8252 
100 |a 20011209d1997 m y0rusy50 ca 
101 0 |a rus 
102 |a RU 
105 |a y z 000zb 
200 1 |a Сталин  |f Э. С. Радзинский 
210 |a Москва  |c Вагриус  |d 1997 
215 |a 638 с. 
600 1 |a Сталин  |g Иосиф Виссарионович  |b И. В.  |f 1878-1953  |c российский политический и государственный деятель  |c Генеральный секретарь ЦК КПСС  |c настоящая фамилия Джугашвилли  |c псевдоним Коба  |2 stltpui  |3 (RuTPU)RU\TPU\pers\1058 
606 1 |a Деятели общественные и государственные, российские  |z октябрь 1917-  |x Персоналии  |2 stltpush  |3 (RuTPU)RU\TPU\subj\65701 
610 1 |a история 
610 1 |a Россия 
610 1 |a 20 век 
610 1 |a КПСС 
686 |a Ф61(2)8  |v LBC/SL-A  |2 rubbk 
686 |a Т3(2)6-8  |v LBC/SL-A  |2 rubbk 
700 1 |a Радзинский  |b Э. С.  |c российский драматург, сценарист, телеведущий  |f 1936-  |g Эдвард Станиславович  |2 stltpush  |3 (RuTPU)RU\TPU\pers\36128  |9 19235 
801 0 |a RU  |b 63413507  |c 20011209  |g PSBO 
801 2 |a RU  |b 63413507  |c 20160808  |g PSBO 
942 |c BK